000 00297nam a22001217a 4500
008 230619b xxu||||| |||| 00| 0 eng d
082 _a305.2
_bMEL
100 _cDr. Julian Melgosa
245 _aTo adolescents and parents
260 _aSpain
_beditorial safeliz
300 _a132p
942 _2ddc
_cBK
999 _c1412
_d1412